| 000 | 00891nam a2200253 i 4500 | ||
|---|---|---|---|
| 001 | 14793 | ||
| 003 | ES-MaACL | ||
| 005 | 20230906150906.0 | ||
| 007 | t| | ||
| 008 | 990607s1995 sp ||||1| cat d | ||
| 080 | _a75.036(460.23)(064.3) | ||
| 080 | _a75 Gallart, Lluís (064.3) | ||
| 245 | 0 | 0 |
_a13 pintors catalans entorn a l'amic Lluís Gallart _b: exposició homenatge, Museu de Calella, del 15 d'Abril al 9 de Maig de 1995. |
| 260 |
_aCalella : _bMuseu de Calella, _c[1995] |
||
| 300 |
_a[124] p. : _bil. ; _c16 cm. |
||
| 500 | _aTit. tomado de la cubierta. | ||
| 600 | 1 | 4 |
_aGallart, Lluís- _vExposiciones. _953506 |
| 650 | 4 |
_aPintura- _zCataluña- _yS.XX- _vExposiciones. _9148194 |
|
| 655 | 7 |
_2tgfbne _9193628 _aCatálogos de exposiciones |
|
| 710 | 2 |
_aMuseu de Calella. _95937 |
|
| 852 |
_aES-MaACL _jL-21953 _bR.124965 |
||
| 942 | _2udc | ||
| 999 |
_c14793 _d14793 |
||